Religio est libertas : saggio di un nuovo metodo nello studio dei rapporti tra la religione e la scienza ... / E. d'Ors saggio di un nuovo metodo nello studio dei rapporti tra la religione e la scienza ... / E. d'Ors
Descripción Física:
12 p. ; 24 cm
MARC
| LEADER | 00000nam a2200000Ia 4500 | ||
|---|---|---|---|
| 001 | |||
| 008 | 160829s1909 xx 000 0 cat d | ||
| 080 | |a 2283 | ||
| 100 | |a Ors, Eugeni d' |9 64786 | ||
| 245 | |a Religio est libertas : |b saggio di un nuovo metodo nello studio dei rapporti tra la religione e la scienza ... / E. d'Ors | ||
| 260 | |a Bologna - Modena : |b A.F. Formiggini, |c 1909 | ||
| 300 | |a 12 p. ; |c 24 cm | ||
| 590 | |a Separata de 'Rivista de Filosofia', Anno I, nº 2, 1909. | ||
| 590 | |a Relligat juntament amb 'El residu en la mesura de la Ciencia per l'Acció / E. d'Ors. | ||
| 590 | |a Porta una introducció manuscrita per l'autor. | ||
| 590 | |a A la coberta: Memoria corresponent al II semestre de la Missió d'Estudis ... Genève, juliol 1909 | ||
| 650 | |a Religió |x Ensenyament |9 48081 | ||
| 650 | |a Religió i ciència |9 48082 | ||
| 901 | |a Arxiu | ||
| 942 | |n 1 | ||
| 952 | |0 0 |1 0 |4 0 |6 2283 |7 1 |9 54311 |a Arxiu |b Arxiu |d 2016-12-01 |l 0 |o 2283 |r 2016-12-01 00:00:00 |w 2016-12-01 |y ARXIU | ||
| 999 | |c 58180 |d 58180 | ||